Catalog

Record Details

Catalog Search



Lawmen of the old West  Cover Image Book Book

Lawmen of the old West / by Dwayne Epstein.

Record details

  • ISBN: 1590185609
  • Physical Description: 96 pages : illustrations, maps, portraits ; 24 cm.
  • Publisher: Detroit : Lucent Books, c2005.

Content descriptions

Bibliography, etc. Note:
Includes bibliographical references (p. 87-91) and index.
Formatted Contents Note:
Neither saints nor sinners -- Why the West was wild -- Isaac Parker : the hanging judge -- Wyatt Earp : reluctant legend -- Frank Canton : alias Joe Horner -- Pat Garrett : cursed by the Kid -- Bat Masterson : killer reputation -- Bill Tilghman : last of the frontier lawmen.
Subject: Peace officers > West (U.S.) > Biography > Juvenile literature.
Frontier and pioneer life > West (U.S.) > Juvenile literature.
West (U.S.) > History > 1860-1890 > Juvenile literature.

Available copies

  • 1 of 1 copy available at scottsboropl.

Holds

  • 0 current holds with 1 total copy.
Show Only Available Copies
Location Call Number / Copy Notes Barcode Shelving Location Status Due Date
scottsboropl J 978.02 Eps 32269000750102 Juvenile - NonFiction Available -

LDR 01403cam a22003134a 4500
001118636
003CONS
00520140703073256.0
008040505s2005 miuabc j b 001 0ceng
010 . ‡a 2004010690
020 . ‡a1590185609
035 . ‡a(CPomAG)LMN323014
042 . ‡apcc
043 . ‡an-usp--
05000. ‡aF594 ‡b.E67 2005
08200. ‡a978/.02/0922 ‡aB ‡222
1001 . ‡aEpstein, Dwayne, ‡d1960-
24510. ‡aLawmen of the old West / ‡cby Dwayne Epstein.
260 . ‡aDetroit : ‡bLucent Books, ‡cc2005.
300 . ‡a96 pages : ‡billustrations, maps, portraits ; ‡c24 cm.
440 0. ‡aHistory makers
504 . ‡aIncludes bibliographical references (p. 87-91) and index.
5050 . ‡aNeither saints nor sinners -- Why the West was wild -- Isaac Parker : the hanging judge -- Wyatt Earp : reluctant legend -- Frank Canton : alias Joe Horner -- Pat Garrett : cursed by the Kid -- Bat Masterson : killer reputation -- Bill Tilghman : last of the frontier lawmen.
650 0. ‡aPeace officers ‡zWest (U.S.) ‡vBiography ‡vJuvenile literature.
650 0. ‡aFrontier and pioneer life ‡zWest (U.S.) ‡vJuvenile literature.
651 0. ‡aWest (U.S.) ‡xHistory ‡y1860-1890 ‡vJuvenile literature.
914 . ‡aDHS_di
959 . ‡i32269000750102 ‡lJ978.02 Eps ‡aJuvenile - NonFiction ‡tJuv Nonfiction ‡g23.00
852 . ‡p32269000750102 ‡jJ978.02 Eps ‡gJuvenile - NonFiction ‡cJuv Nonfiction ‡y23.00 ‡bSBPL
901 . ‡a118636 ‡bUnknown ‡c118636 ‡tbiblio

Additional Resources